000 00539nam a2200229Ia 4500
003 OSt
005 20221005114029.0
006 a|||||r|||| 00| 0
007 ta
008 221004b |||||||| |||| 00| 0 kan d
024 _a61692
037 _cTextual
040 _aCRL
_cCRL
_bkan
041 _2kan
_akan
082 _aV73,N5, 33K1
100 _aEscher
_9625351
245 0 _aAmerikada kathe
260 _c1961
650 _aHISTORY
942 _hV73,N5, 33K1
_cTEXL
_2cc
999 _c1030059
_d1030059